000 01353cam a22003972 4500
999 _c80492
_d80492
001 157983439
003 DE-627
005 20201230115456.0
007 tu
008 940827s1986 xx ||||| 00| ||ger c
015 _a87,A13,0813
_2dnb
016 7 _a870348086
_2DE-101
020 _a3730400096
_c : M 2.20 (geh.)
035 _a(DE-627)157983439
035 _a(DE-576)062684477
035 _a(DE-599)GBV157983439
035 _a(OCoLC)74808207
040 _aDE-627
_bger
_cDE-627
_erakwb
_dSTAFF
041 _ager
044 _cXA-DDDE
084 _a33
_2sdnb
100 1 _aBrückner, Heinrich
_d1928-
_0(DE-588)105137286
_0(DE-627)582061857
_0(DE-576)160450586
_4aut
245 1 0 _aIch will stillen
_büber d. natürl. Ernährun d. Säuglings
_cvon Heinrich Brückner. [Zeichn.: Horst Schmidt]
250 _a1. Aufl.
263 _ageh. : M 2.20
264 1 _aLeipzig
_bVerlag für d. Frau
_c1986
300 _a64 S
_bIll
_c23 cm
336 _aText
_btxt
_2rdacontent
337 _aohne Hilfsmittel zu benutzen
_bn
_2rdamedia
338 _aBand
_bnc
_2rdacarrier
655 7 _aRatgeber
_0(DE-588)4048476-2
_0(DE-627)104637234
_0(DE-576)209078057
_2gnd-content
951 _aBO
700 1 _aSchmidt, Horst
_eIll.
_4ill
856 4 2 _uhttp://d-nb.info/870348086/04
_mB:DE-101
_qapplication/pdf
_v20130501
_3Inhaltsverzeichnis
942 _2z
_cB